Revitalization of urban core - A case of pinto circle - Hosur circle Hubli (Record no. 8295)

000 -LEADER
fixed length control field 00624nam a22001817a 4500
008 - FIXED-LENGTH DATA ELEMENTS--GENERAL INFORMATION
fixed length control field 201106b ||||| |||| 00| 0 eng d
040 ## - CATALOGING SOURCE
Original cataloging agency BMS College of Architecture
100 ## - MAIN ENTRY--PERSONAL NAME
Personal name Bembalgi, Shruti
245 ## - TITLE STATEMENT
Title Revitalization of urban core - A case of pinto circle - Hosur circle Hubli
300 ## - PHYSICAL DESCRIPTION
Extent 47P.
500 ## - GENERAL NOTE
General note 1CF16AHD09
502 ## - DISSERTATION NOTE
Degree type M.Arch (Habitat Design)
Name of granting institution BMS College of Architecture, Visvesvaraya Technological University (VTU)
Dissertation note Dissertation
Year degree granted 2018
650 ## - SUBJECT ADDED ENTRY--TOPICAL TERM
Topical term or geographic name as entry element Revitalization
700 ## - ADDED ENTRY--PERSONAL NAME
Personal name Mamtha P Raj
Relator term Guide
700 ## - ADDED ENTRY--PERSONAL NAME
Personal name Sadashiv Chakravarthy
Relator term Guide
700 ## - ADDED ENTRY--PERSONAL NAME
Personal name Rachana Suraj
942 ## - ADDED ENTRY ELEMENTS (KOHA)
Source of classification or shelving scheme
Koha item type UG-Thesis and Dissertations
Holdings
Withdrawn status Lost status Source of classification or shelving scheme Damaged status Not for loan Permanent Location Current Location Date acquired Barcode Date last seen Koha item type
          BMS College of Architecture, Design and Planning BMS College of Architecture, Design and Planning 2020-11-06 AR-PGP22 2020-11-06 PG-Thesis and Dissertations
Copyright © 2025, The Librarian, Library and Information Centre, BMSCA D&P, Bengaluru. All Rights Reserved
web counter

Powered by Koha